000 00327nam a2200109Ia 4500
008 171211s9999 xx 000 0 und d
245 _aDisturbance Analysis for Power Systems
245 _cMohamed A. Ibrahim
260 _c2011
650 _xEngineering and Technology
856 _uhttp://down.ebook777.com/064/9780470916810.pdf
999 _c350287
_d350287